Royal National Institute for the Blind (RNIB) (Record no. 120016)

MARC details
000 -LEADER
fixed length control field 00821cam a2200193 4500
001 - CONTROL NUMBER
control field WS117547
008 - FIXED-LENGTH DATA ELEMENTS--GENERAL INFORMATION
fixed length control field 020417n 000 0 eng u
035 ## - SYSTEM CONTROL NUMBER
System control number (Sirsi) u117547
110 ## - MAIN ENTRY--CORPORATE NAME
Corporate name or jurisdiction name as entry element Royal National Institute for the Blind
9 (RLIN) 3225
245 ## - TITLE STATEMENT
Title Royal National Institute for the Blind (RNIB)
520 ## - SUMMARY, ETC.
Summary, etc. Site for this organisation which offers practical support and advice to anyone with a sight problem. Includes pages on the Disability Discrimination Act 1995 and disabled access.
650 ## - SUBJECT ADDED ENTRY--TOPICAL TERM
Topical term or geographic name entry element ORGANISATION
650 ## - SUBJECT ADDED ENTRY--TOPICAL TERM
Topical term or geographic name entry element DISABILITY DISCRIMINATION ACT 1995
650 ## - SUBJECT ADDED ENTRY--TOPICAL TERM
Topical term or geographic name entry element MANAGEMENT-BUSINESS MANAGEMENT-DISCRIMINATION-DISABILITY DISCRIMINATION-ACCESSIBILITY
650 ## - SUBJECT ADDED ENTRY--TOPICAL TERM
Topical term or geographic name entry element BLIND
650 ## - SUBJECT ADDED ENTRY--TOPICAL TERM
Topical term or geographic name entry element EMPLOYMENT
856 40 - ELECTRONIC LOCATION AND ACCESS
Uniform Resource Identifier <a href="https://www.rnib.org.uk">https://www.rnib.org.uk</a>
Public note View the website free of charge at www.rnib.org.uk...
942 ## - ADDED ENTRY ELEMENTS (KOHA)
Suppress in OPAC 0
Holdings
Withdrawn status Lost status Source of classification or shelving scheme Damaged status Not for loan Home library Current library Shelving location Date acquired Total Checkouts Full call number Barcode Date last seen Copy number Price effective from Koha item type
    Dewey Decimal Classification     Virtual Virtual Online 17/04/2002   WEB SITE 117547-2001 06/08/2019 1 06/08/2019 Online material